| 000 | 00503nam a2200169Ia 4500 | ||
|---|---|---|---|
| 003 | GCL | ||
| 008 | 140319s9999 xx 000 0 ara d | ||
| 040 |
_aGCL / _cGCL |
||
| 082 | 0 | 4 |
_a301.01 _bع ت |
| 100 | 1 | _aعلا مصطفى انور | |
| 245 | 1 | 0 |
_aالتفسير فى العلوم الاجتماعية دراسة فى فلسفة العلم / _cعلا مصطفى انور |
| 300 | _a357 ص | ||
| 490 | _a | ||
| 650 | 0 | 4 | _aالاجتماع |
| 650 | 0 | 4 | _aالاجتماع، علم |
| 942 |
_2ddc _cBK |
||
| 999 |
_c41059 _d41059 |
||